| 000 -LEADER |
| fixed length control field |
00640nam a22001457a 4500 |
| 008 - FIXED-LENGTH DATA ELEMENTS--GENERAL INFORMATION |
| fixed length control field |
240425b ||||| |||| 00| 0 eng d |
| 100 ## - MAIN ENTRY--PERSONAL NAME |
| Personal name |
Basha, Shaik Mahaboob |
| 245 ## - TITLE STATEMENT |
| Title |
Women intellectuals and communal consciousness in colonial Andhra |
| 260 ## - PUBLICATION, DISTRIBUTION, ETC. (IMPRINT) |
| Place of publication, distribution, etc |
Social Scientist |
| 300 ## - PHYSICAL DESCRIPTION |
| Extent |
52(1-2), Jan-Feb, 2024: p.43-60 |
| 520 ## - SUMMARY, ETC. |
| Summary, etc |
Communalism has been one of the serious problems facing moderns India, and fighting and defeating it has really become an uphill task. Communalism in modern Indian gradually grew in the lap of nationalism. – Reproduced |
| 773 ## - HOST ITEM ENTRY |
| Main entry heading |
Social Scientist |
| 906 ## - LOCAL DATA ELEMENT F, LDF (RLIN) |
| Subject DIP |
WOMEN |
| 942 ## - ADDED ENTRY ELEMENTS (KOHA) |
| Item type |
Articles |